000 00394nam a22001697a 4500
003 OSt
005 20211220150142.0
008 211220b |||||||| |||| 00| 0 eng d
020 _a0071009353
040 _cHU
082 _a370.15SPR 1990
100 _aSprinthall Norman
_923555
245 _aEducational Psychology
260 _c1990
300 _axix668
_bpc
_c24cm
942 _2ddc
_cBOOKS
_n0
999 _c22920
_d22920